000 00206 a2200097 4500
001 13954
100 _aHoinville F
245 _aHalfway to heaven
260 _aLondon
_bHeinemann
_c
090 _c10919
_d10919
942 _aNUST-CAE
_cM
_c1024
999 _c249027
_d249027